Investiční výstavba Časopis pro popularizaci technickoekonomických poznatků v oboru investiční činnosti

Salvato in:
Dettagli Bibliografici
Natura: Periodico
Lingua:ceco
Pubblicazione: Praha Stát. nakl. techn. lit. 1990
Soggetti:
Tags: Aggiungi Tag
Nessun Tag, puoi essere il primo ad aggiungerne!!

MARC

LEADER 00000nas2a2200000 4500
001 s006404
005 20180117152309.8
041 0 |a cze 
044 |a CZ 
245 1 0 |a Investiční výstavba  |b Časopis pro popularizaci technickoekonomických poznatků v oboru investiční činnosti 
264 1 |a Praha  |b Stát. nakl. techn. lit.  |c 1990 
300 |a 1 zv. 
773 0 |w eu_un_cat*s120801 
610 2 0 |a výstavba investičná